Burn Notice Intro Lines Quiz - Statistics

General Stats
  • This quiz has been taken 120 times
  • The average score is 19 of 22
Answer Stats
Hint Answer % Correct
I used to be a ___. Spy
100%
An old ______ who used to inform on you to the FBI... Friend
96%
Bottom line? Until you find out who ______ you... Burned
95%
We got a ____ ______ on you. Burn Notice
95%
Someone needs your ____, Michael! Help
95%
A trigger-happy __-__________... Ex-girlfriend
94%
...you're not going ________. Anywhere
93%
Where am I? _____. Miami
93%
Shall we _____ them? Shoot
92%
You're stuck in whatever ____ City
91%
Hey, is that your ___ again? Mom
89%
You do whatever ____ comes your way. Work
89%
You rely on anyone who's still ______ to you. Talking
88%
You know _____...bunch of - little girls. Spies
82%
______, too... Family
80%
You're ___________. Blacklisted
78%
no ______, Credit
78%
they decide to ____ you in. Dump
78%
My name is ________ ______. Michael Westen
77%
When you're burned, you've got nothing: No ____, Cash
74%
...if you're _________. Desperate
74%
no ___ ______. Job History
70%
No matching quizzes found
Score Distribution
Percent of People with Each Score
Percentile by Number Answered
Your Score History
You have not taken this quiz